Engineering Egypt (Registro nro. 56203)

Detalles MARC
000 -ENCABEZADO
Número de control [NR] 01435nam a2200277Ia 4500
005 - FECHA Y HORA DE LA ÚLTIMA TRANSACCIÓN
control field 20140217111232.0
008 - DE LONGITUD FIJA DE DATOS DE ELEMENTOS - INFORMACIÓN GENERAL
Elementos de longitud fija [NR] 130821s2007 xx a gs eng
020 ## - NUMERO INTERNACIONAL NORMALIZADO PARA LIBROS [R]
Número Internacional Normalizado del libro [NR] 9781426291203
040 ## - FUENTE DE CATALOGACION [NR]
Agencia de catalogación original [NR] Co-BoUCM
Idioma de catalogación [NR] spa
041 00 - CODIGO DE IDIOMA [R]
Código de idioma para texto/pista de sonido o título separado [R] Inglés
092 ## - SIGNATURA TOPOGRAFICA LOCAL
Número de clasificación local DVD 0361
245 00 - MENCION DE TITULO [NR]
Título [NR] Engineering Egypt
Mención de responsabilidad, etc. [NR] [DVD]
246 ## - FORMA VARIANTE DEL TITULO [R]
Título propiamente dicho/forma breve del título [NR] National Geographic
Parte restante del título [NR] Engineering Egypt
260 ## - PUBLICACION, DISTRIBUCION, ETC. (PIE DE IMPRENTA) [R]
Lugar de publicación, distribución, etc. [R] [Lugar desconocido]
Nombre del editor, distribuidor, etc. [R] National Geographic Channel
Fecha de publicación, distribución, etc. [R] 2007
300 ## - DESCRIPCION FISICA [R]
Extensión [R] 1 DVD
Otros detalles físicos [NR] son., color
500 ## - NOTA GENERAL [R]
Nota general [NR] Descubra cómo estas creaciones fueron construidos sin los instrumentos modernos y equipo pesado que tenemos ahora. Descubra la evidencia arqueológica, como National Geographic revela las historias detrás de los reyes y su orden de construir estas sorprendentes estructuras y estudiar los diseños innovadores para dar forma a nuestro mundo moderno. Cada maravilla de la ingeniería representa un pináculo del logro humano y revela el secreto detrás de cada creación.
508 ## - NOTA DE CREDITOS DE CREACION/PRODUCCION [R]
Nota de créditos de creación/producción [NR] CREDITOS : Director, Yavar Abbas; Producción Ejecutiva, Alison Turner, David McNab, Tom Brisley; Edición, Roger Guertin, Ben Harding, Duncan Moir.
546 ## - NOTA DE IDIOMA [R]
Nota de idioma [NR] Audio en Inglés. Subtítulos en Inglés.
650 04 - ASIENTO SECUNDARIO DE MATERIA - TERMINO TEMATICO [R]
Término temático o nombre geográfico como elemento de entrada [NR] Entretenimiento
9 (RLIN) 26487
700 ## - ASIENTO SECUNDARIO - NOMBRE PERSONAL [R]
Nombre personal [NR] Abbas, Yavar
Término de relación [R]
710 ## - ASIENTO SECUNDARIO - NOMBRE CORPORATIVO [R]
Nombre corporativo o de jurisdicción como elemento de entrada [NR] Darlow Smithson Productions
710 ## - ASIENTO SECUNDARIO - NOMBRE CORPORATIVO [R]
Nombre corporativo o de jurisdicción como elemento de entrada [NR] National Geographic Channel
710 ## - ASIENTO SECUNDARIO - NOMBRE CORPORATIVO [R]
Nombre corporativo o de jurisdicción como elemento de entrada [NR] Parallax Film Productions
710 ## - ASIENTO SECUNDARIO - NOMBRE CORPORATIVO [R]
Nombre corporativo o de jurisdicción como elemento de entrada [NR] Warner Home Video
942 ## - ELEMENTOS DE ENTRADA AGREGADOS (KOHA)
Tipo de ítem principal el descrito en 300a Multimedia
Sistema de clasificación LOCAL
Tema principal Entretenimiento
Edición 1
Existencias
Fecha de último préstamo Total préstamos Código de barras Última vez visto Volúmen / Fascículo Ejemplar Price effective from Tipo de ítem Perdido Sistema de clasificación Dañado No prestable Tipo de ítem específico Suprimido Ubicación habitual Ubicación actual Localización Fecha de creación Forma de adquisición Costo
07/05/2012   100092365 03/12/2025 DVD 0361 Ej.1 03/02/2013 Multimedia   LOCAL   Préstamo restringido DVD   Procesos Técnicos Procesos Técnicos (no para préstamo) Procesos Técnicos 19/02/2013 Compra 40839.00
09/10/2012 20 100092356 12/12/2025 DVD 0361 Ej.2 03/02/2013 Multimedia   DEWEY     DVD   Quinta de Mutis Quinta de Mutis Colección digital 19/02/2013 Donación 26000.00